Mafalda / (Record no. 28164)

MARC details
000 -LEADER
fixed length control field 00445nam a22002057a 4500
001 - CONTROL NUMBER
control field sjds
003 - CONTROL NUMBER IDENTIFIER
control field sjds
005 - DATE AND TIME OF LATEST TRANSACTION
control field 20230613202528.0
008 - FIXED-LENGTH DATA ELEMENTS--GENERAL INFORMATION
fixed length control field 230613b |||||||| |||| 00| 0 spa d
020 ## - INTERNATIONAL STANDARD BOOK NUMBER
International Standard Book Number 9789683902382
020 ## - INTERNATIONAL STANDARD BOOK NUMBER
International Standard Book Number 9683902383
040 ## - CATALOGING SOURCE
Transcribing agency sjds
041 ## - LANGUAGE CODE
Language code of text/sound track or separate title spa
100 0# - MAIN ENTRY--PERSONAL NAME
Personal name Quino
245 ## - TITLE STATEMENT
Title Mafalda /
Statement of responsibility, etc. Quino
246 ## - VARYING FORM OF TITLE
Title proper/short title Mafalda five
260 ## - PUBLICATION, DISTRIBUTION, ETC. (IMPRINT)
Place of publication, distribution, etc. Mexico :
Name of publisher, distributor, etc. Promexa,
Date of publication, distribution, etc. 1991
300 ## - PHYSICAL DESCRIPTION
Extent 1 v. :
Other physical details il. ;
942 ## - ADDED ENTRY ELEMENTS (KOHA)
Koha item type Libro/Book
Holdings
Withdrawn status Lost status Damaged status Not for loan Home library Current library Shelving location Date acquired Total Checkouts Full call number Barcode Date last seen Price effective from Koha item type Inventory number Date checked out
        San Juan Del Sur -- Biblioteca San Juan Del Sur -- Biblioteca Children's Area 13/06/2023   JFI CAJA/ESTANTE ESPANOL 30023146 13/06/2023 13/06/2023 Libro/Book    
        San Juan Del Sur -- Biblioteca San Juan Del Sur -- Biblioteca Children's Area 13/06/2023   JFI CAJA/ESTANTE ESPANOL 30023145 13/06/2023 13/06/2023 Libro/Book    
        San Juan Del Sur -- Biblioteca San Juan Del Sur -- Biblioteca General Stacks 06/03/2025 2 COM 30020179 21/11/2025 06/03/2025 Libro/Book Inventory date: 15-5-25 19/05/2025
        San Juan Del Sur -- Biblioteca San Juan Del Sur -- Biblioteca   05/12/2025   JFG 30023594 05/12/2025 05/12/2025 Libro/Book    
        San Juan Del Sur -- Biblioteca San Juan Del Sur -- Biblioteca   05/12/2025   JFG 30023590 05/12/2025 05/12/2025 Libro/Book    
        San Juan Del Sur -- Biblioteca San Juan Del Sur -- Biblioteca   05/12/2025   JFG 30023591 05/12/2025 05/12/2025 Libro/Book    
        San Juan Del Sur -- Biblioteca San Juan Del Sur -- Biblioteca   05/12/2025   JFG 30023593 05/12/2025 05/12/2025 Libro/Book    

Powered by Koha